000 00535nam a2200193 a 4500
001 1771665203084
003 YourLibrary
005 20260221144454.0
008 260221s1999##################000#0#eng##
020 _a9781858985237
082 0 4 _a338.476606
_bROH
100 1 _aAcharya, Rohini,
_eauthor.
245 1 0 _aThe Emergence and Growth of Biotechnology :
260 _bEdward Elgar Publishing,
_c1999.
300 _a172 pages
650 0 _aBusiness & Economics.
942 _cENGLISH
040 _aYourLibrary
_beng
_cYourLibrary
999 _c615172
_d615172